|
|
|
|
| LEADER |
01189nam a2200253 u 4500 |
| 001 |
10113693 |
| 003 |
upatras |
| 005 |
20241207063346.0 |
| 008 |
140827s2014 ir eng |
| 020 |
|
|
|a 9789289711968
|
| 040 |
|
|
|a GR-PaULI
|c GR-PaULI
|
| 041 |
0 |
|
|a eng
|
| 082 |
0 |
4 |
|a 337.142
|
| 110 |
|
0 |
|a European Foundation for the Improvement of Living and Working Conditions
|9 46982
|
| 245 |
1 |
0 |
|a Towards better living and working conditions
|c European Foundation for the Improvement of Living and Working Conditions-Eurofound
|
| 260 |
|
|
|a Dublin
|b European Foundation for the Improvement of Living and Working Conditions
|c 2014
|
| 300 |
|
|
|a 14 σ.
|b φωτ., πιν.
|c 23 εκ.
|
| 650 |
|
4 |
|a Εργασία και εργαζόμενοι
|z Ευρωπαϊκή Ένωση, Χώρες της
|9 45662
|
| 610 |
2 |
0 |
|a Ευρωπαϊκή Ένωση
|9 1339
|
| 852 |
|
|
|a GR-PaULI
|b ΠΑΤΡΑ
|b ΒΚΠ
|b ΚΕΤ
|h 337.142 EUR
|m 067826
|p 025000099726
|t 1
|
| 942 |
|
|
|2 ddc
|
| 952 |
|
|
|0 0
|1 0
|4 0
|6 337_142000000000000_EUR
|7 0
|9 169251
|a LISP
|b LISP
|c EDC
|d 2016-04-24
|i 067826
|l 0
|o 337.142 EUR
|p 025000099726
|r 2016-04-24 00:00:00
|t 1
|w 2016-04-24
|y BK15
|
| 998 |
|
|
|c ΜΠΟΥΡΑΣ
|d 2014-08
|
| 999 |
|
|
|c 105851
|d 105851
|